| 000 | 00643nam a2200241Ia 4500 | ||
|---|---|---|---|
| 001 | 852 | ||
| 003 | GE_BSU | ||
| 008 | 181216s||||||||xx |||||||||||||| ||und|| | ||
| 020 | _a5980325816 | ||
| 040 | _cGE_BSU | ||
| 080 | _a336(075.8) | ||
| 100 | _aВигман, С.Л. | ||
| 245 | _aФинансы,деньги,кредит. | ||
| 245 | _bВ вопросах и ответах.Учебное пособие | ||
| 260 | _aМосква | ||
| 260 | _bПроспект | ||
| 260 | _c2004 | ||
| 300 | _a255стр. | ||
| 541 | _h10л. | ||
| 653 | _aФинансы,деньги,кредит. | ||
| 653 | _aЭкономика | ||
| 942 | _cBK | ||
| 999 |
_c35013 _d35013 |
||